Guest service Management (Record no. 13385)

MARC details
000 -LEADER
fixed length control field 00409nam a2200157Ia 4500
008 - FIXED-LENGTH DATA ELEMENTS--GENERAL INFORMATION
fixed length control field 230917s9999||||xx |||||||||||||| ||und||
040 ## - CATALOGING SOURCE
-- 222191
Original cataloging agency VIVEKANANDA LIBRARY
041 ## - Language
-- English
082 ## - DDC NUMBER
Classification number 647.94 R137G
100 ## - MAIN ENTRY--PERSONAL NAME
Personal name Rajpal, Nandini
245 #0 - TITLE STATEMENT
Title Guest service Management
260 ## - PUBLICATION, DISTRIBUTION, ETC. (IMPRINT)
Place of publication, distribution, etc New Delhi
Name of publisher, distributor, etc Anmol Publications
Date of publication, distribution, etc 2013
300 ## - PHYSICAL DESCRIPTION
Pages viii, 248 p.
500 ## - GENERAL NOTE
General note 1802 07/01/2015 Main Budget
942 ## - ADDED ENTRY ELEMENTS (KOHA)
Koha item type Books
Holdings
Withdrawn status Lost status Damaged status Not for loan Location (home branch) Sublocation or collection (holding branch) Shelving location Date acquired Koha issues (times borrowed) Koha full call number Accession No. Koha date last seen Koha item type
        VIVEKANANDA LIBRARY VIVEKANANDA LIBRARY IHTM Library 24/02/2015   647.94 R137G 337598 17/09/2023 Books
        VIVEKANANDA LIBRARY VIVEKANANDA LIBRARY IHTM Library 24/02/2015   647.94 R137G 337599 17/09/2023 Books
© Designed and Maintained by Vivekananda Library, MDU Rohtak